Statistics for Countries by Lamborghini Dealerships

Click here to take the quiz!

General Stats

  • This quiz has been taken 9,496 times
  • The average score is 7 of 10

Answer Stats

Country % Correct
United States
99%
United Kingdom
91%
China
89%
Germany
88%
Japan
83%
Monaco
73%
Qatar
57%
Switzerland
51%
Bahrain
44%
Oman
31%

Score Distribution

Percentile by Number Answered

Percent of People with Each Score

Your Score History

You have not taken this quiz